[Event "Winnipeg November Weekender"]
[Site "Winnipeg"]
[Date "2016.11.19"]
[Round "2"]
[White "Magnusson, Saul"]
[Black "Trueman, Francis"]
[Result "1-0"]
[WhiteElo "2075"]
[BlackElo "1429"]
[PlyCount "70"]
[EventDate "2016.11.19"]
[EventType "swiss"]
[EventRounds "4"]
[EventCountry "CAN"]
[SourceTitle "EXT 2022"]
[Source "ChessBase"]
[SourceDate "2021.10.06"]
[SourceVersion "1"]
[SourceVersionDate "2021.10.06"]
[SourceQuality "1"]

1. d4 Nf6 2. c4 d6 3. Nf3 g6 4. Nc3 Bg7 5. e4 Nbd7 6. Be2 0-0 7. 0-0 e5 8. Be3 c6 9. Rc1 Re8 10. d5 c5 11. Ne1 Rb8 12. Nb5 Qb6 13. a4 a6 14. a5 Qxa5 15. Nxd6 Rd8 16. Nd3 Qc7 17. Nxc8 Rdxc8 18. f3 Qd6 19. Qd2 b5 20. cxb5 axb5 21. Ra1 Nb6 22. Ra6 Nfd7 23. b4 Qe7 24. Nxc5 Nxc5 25. Bxc5 Qc7 26. Bxb5 Nxd5 27. Ra7 Qd8 28. Ba6 Nxb4 29. Bxb4 Qb6+ 30. Qf2 Qxf2+ 31. Kxf2 Rc2+ 32. Kg3 Rxb4 33. Rd1 Rb8 34. Rdd7 Rf8 35. Bb7 Rd2 1-0

[Event "Winnipeg Rosenbloom Memorial"]
[Site "Winnipeg"]
[Date "2016.11.15"]
[Round "3"]
[White "Magnusson, Saul"]
[Black "Dawa, Arvin"]
[Result "0-1"]
[WhiteElo "2075"]
[BlackElo "2239"]
[PlyCount "82"]
[EventDate "2016.11.01"]
[EventType "swiss"]
[EventRounds "7"]
[EventCountry "CAN"]
[SourceTitle "EXT 2022"]
[Source "ChessBase"]
[SourceDate "2021.10.06"]
[SourceVersion "1"]
[SourceVersionDate "2021.10.06"]
[SourceQuality "1"]

1. d4 Nf6 2. c4 g6 3. Nc3 Bg7 4. e4 d6 5. Nf3 0-0 6. Be2 e5 7. 0-0 Nc6 8. d5 Ne7 9. Be3 Ne8 10. Ne1 f5 11. f3 f4 12. Bf2 g5 13. Rc1 h5 14. c5 Ng6 15. cxd6 cxd6 16. Nb5 a6 17. Nc3 Rf7 18. Na4 Bf8 19. Nb6 Rb8 20. Nd3 Rg7 21. Qb3 Bd7 22. Rc2 g4 23. Nxd7 Qxd7 24. Rfc1 Be7 25. Ne1 Bg5 26. Bxa6 g3 27. hxg3 fxg3 28. Ba7 Bxc1 29. Bb5 Qd8 30. Bxb8 Qxb8 31. Rxc1 Nf4 32. Qe3 Nc7 33. Be2 Qd8 34. Kf1 h4 35. Nd3 h3 36. Kg1 Nxg2 37. Qh6 Nh4 38. Rxc7 h2+ 39. Kh1 g2+ 40. Kxh2 g1Q+ 41. Kh3 Qg3# 0-1

[Event "Winnipeg op"]
[Site "Winnipeg"]
[Date "2016.07.26"]
[Round "8"]
[White "Magyar, Peter"]
[Black "Magnusson, Saul"]
[Result "0-1"]
[WhiteElo "1469"]
[BlackElo "2100"]
[PlyCount "82"]
[EventDate "2016.06.07"]
[EventType "swiss"]
[EventRounds "8"]
[EventCountry "CAN"]
[SourceTitle "EXT 2022"]
[Source "ChessBase"]
[SourceDate "2021.10.06"]
[SourceVersion "1"]
[SourceVersionDate "2021.10.06"]
[SourceQuality "1"]

1. d4 Nf6 2. Bf4 g6 3. Nf3 Bg7 4. e3 d6 5. h3 0-0 6. Be2 c5 7. c3 Be6 8. 0-0 Qb6 9. Nbd2 Nd5 10. Nc4 Qc7 11. Bh2 Nf6 12. Ncd2 Qb6 13. b3 Nc6 14. Ng5 Bf5 15. e4 Bd7 16. Nc4 Qd8 17. Bd3 cxd4 18. cxd4 Nxd4 19. e5 dxe5 20. Nxe5 Bb5 21. Rc1 Bxd3 22. Nxd3 h6 23. Nf3 Rc8 24. Re1 Rxc1 25. Nxc1 Nc6 26. Nd3 Qd5 27. Nfe5 Rd8 28. Qe2 Nxe5 29. Nxe5 e6 30. Kh1 Qd2 31. Nc4 Qxe2 32. Rxe2 Rd1+ 33. Bg1 Nd5 34. Rd2 Rc1 35. Kh2 Bc3 36. Rd3 Nf4 37. Rd8+ Kg7 38. f3 Rc2 39. Ne3 Rxa2 40. Kg3 Nh5+ 41. Kh2 Be5+ 0-1

[Event "Winnipeg op"]
[Site "Winnipeg"]
[Date "2016.07.19"]
[Round "7"]
[White "Magnusson, Saul"]
[Black "Wiebe, Isaac"]
[Result "1/2-1/2"]
[WhiteElo "2100"]
[BlackElo "2157"]
[PlyCount "212"]
[EventDate "2016.06.07"]
[EventType "swiss"]
[EventRounds "8"]
[EventCountry "CAN"]
[SourceTitle "EXT 2022"]
[Source "ChessBase"]
[SourceDate "2021.10.06"]
[SourceVersion "1"]
[SourceVersionDate "2021.10.06"]
[SourceQuality "1"]

1. e4 e6 2. d3 c5 3. g3 Nc6 4. Nf3 g6 5. c3 e5 6. Bh3 Bg7 7. Na3 Nge7 8. Bg5 d6 9. Bxc8 Qxc8 10. Nc4 Qd7 11. Qb3 Rd8 12. Bxe7 Nxe7 13. Ne3 0-0 14. Nd5 Nxd5 15. Qxd5 Qc6 16. c4 Qd7 17. a4 Qh3 18. Rb1 Qg4 19. Ng1 Qd7 20. b3 Kh8 21. Ne2 f5 22. Nc3 a5 23. Rb2 f4 24. Re2 Rf6 25. Rf1 Rdf8 26. g4 f3 27. Rb2 Rf4 28. h3 R8f7 29. Rg1 Bf8 30. Rb1 Qe7 31. Kd2 Bh6 32. Kc2 Bg5 33. Rbf1 Bh4 34. Nd1 Qc7 35. Nc3 Qe7 36. Nb5 R4f6 37. Nc3 h6 38. Rh1 Qd7 39. Rh2 Bg5 40. Rg1 Bh4 41. Nd1 Kh7 42. Nc3 Qe8 43. Nd1 Rd7 44. Nc3 Qe7 45. Nd1 Rf8 46. Nc3 Qf6 47. Nd1 Bg5 48. Rhh1 Qf4 49. Ne3 Bh4 50. Qe6 Qf7 51. Qxf7+ Rdxf7 52. Rh2 Bg5 53. Nd5 Bd8 54. h4 Kg7 55. h5 Bg5 56. Rh3 Kh7 57. Rgg3 Kg7 58. Nc3 Be3 59. Nd1 Bd4 60. hxg6 Kxg6 61. Rh4 Rf4 62. Kd2 R8f7 63. Ne3 Bxe3+ 64. Kxe3 Kg5 65. Rh5+ Kg6 66. Rf5 R7xf5 67. exf5+ Kg5 68. Rxf3 Kxg4 69. Rg3+ Kxf5 70. Rg7 h5 71. Rxb7 Kg4 72. Rg7+ Kh3 73. f3 h4 74. Kf2 Rd4 75. Rg1 Kh2 76. Rg6 Rxd3 77. Rg8 Rxb3 78. Rd8 Rb4 79. Rxd6 Rxc4 80. Rd5 e4 81. fxe4 Rxe4 82. Rxc5 Rxa4 83. Kf1 Rg4 84. Rxa5 h3 85. Kf2 Kh1 86. Kf3 Rg1 87. Rh5 h2 88. Ra5 Rf1+ 89. Ke2 Rf8 90. Rg5 Re8+ 91. Kf1 Rf8+ 92. Ke1 Re8+ 93. Kf1 Rf8+ 94. Ke1 Rf7 95. Rg6 Rf3 96. Rg8 Ra3 97. Kf1 Rf3+ 98. Ke1 Rf7 99. Rg4 Re7+ 100. Kf1 Rb7 101. Rg5 Ra7 102. Rg6 Ra1+ 103. Kf2 Rg1 104. Rf6 Rg8 105. Rf4 Rc8 106. Rg4 Rc2+ 1/2-1/2

[Event "Winnipeg TNT August op"]
[Site "Winnipeg"]
[Date "2011.08.09"]
[Round "1"]
[White "Kernetsky, Myron"]
[Black "Magnusson, Saul"]
[Result "1-0"]
[WhiteElo "1987"]
[BlackElo "1804"]
[PlyCount "83"]
[EventDate "2011.08.09"]
[EventType "swiss"]
[EventRounds "4"]
[EventCountry "CAN"]
[SourceTitle "EXT 2022"]
[Source "ChessBase"]
[SourceDate "2021.10.06"]
[SourceVersion "1"]
[SourceVersionDate "2021.10.06"]
[SourceQuality "1"]

1. d4 e6 2. c4 Nf6 3. Nf3 d5 4. Nc3 Nbd7 5. cxd5 exd5 6. Bf4 c6 7. e3 Be7 8. h3 Nf8 9. Bd3 Ng6 10. Bh2 Bd6 11. Bxd6 Qxd6 12. 0-0 0-0 13. a3 Ne7 14. Qc2 g6 15. b4 a6 16. Rab1 Bf5 17. a4 Bxd3 18. Qxd3 Nd7 19. Rfd1 Rfd8 20. Qd2 Nc8 21. e4 dxe4 22. Nxe4 Qf8 23. Qf4 Ne7 24. Nc5 Nd5 25. Qd2 b6 26. Nd3 Qg7 27. Rdc1 Rac8 28. Rb2 N7f6 29. Re1 a5 30. bxa5 bxa5 31. Rb7 Rd7 32. Rxd7 Nxd7 33. Qxa5 Nf8 34. Qa6 Rc7 35. Qa8 f6 36. Nc5 Nb6 37. Qb8 Nc8 38. Re8 Qh6 39. Qxc7 g5 40. Qxc8 g4 41. Rxf8+ Qxf8 42. Qxf8+ 1-0

[Event "Winnipeg TNT October op"]
[Site "Winnipeg"]
[Date "2010.10.05"]
[Round "1"]
[White "Magnusson, Saul"]
[Black "Wolchock, Theo"]
[Result "1-0"]
[WhiteElo "1803"]
[BlackElo "1294"]
[PlyCount "70"]
[EventDate "2010.10.05"]
[EventType "swiss"]
[EventRounds "4"]
[EventCountry "CAN"]
[SourceTitle "EXT 2022"]
[Source "ChessBase"]
[SourceDate "2021.10.06"]
[SourceVersion "1"]
[SourceVersionDate "2021.10.06"]
[SourceQuality "1"]

1. e4 e5 2. f4 d6 3. Nf3 Nc6 4. Nc3 Nf6 5. Bc4 Be7 6. 0-0 0-0 7. f5 a6 8. a4 Re8 9. d3 Bd7 10. Qe1 Nb4 11. Bb3 c6 12. Ng5 Rf8 13. Ne2 h6 14. Nf3 Qb6+ 15. Kh1 d5 16. Qg3 Kh8 17. Nxe5 Rad8 18. Nxf7+ Rxf7 19. Qg6 Be8 20. e5 Ng8 21. Nf4 Rf6 22. Qg4 Rf8 23. Ne6 Rf7 24. Rf3 Rd7 25. Bd2 Nxc2 26. Bxc2 Qxb2 27. Rc1 Qxe5 28. d4 Qe2 29. Bf4 Ba3 30. Bd3 Qb2 31. Rb1 Qa2 32. Be5 Rde7 33. Rg3 Rxe6 34. Bxg7+ Kh7 35. fxe6+ Rf5 1-0

[Event "Winnipeg TNT September op"]
[Site "Winnipeg"]
[Date "2009.09.15"]
[Round "2"]
[White "Magnusson, Saul"]
[Black "Schulz, Waldemar"]
[Result "1-0"]
[WhiteElo "1648"]
[BlackElo "2000"]
[PlyCount "103"]
[EventDate "2009.09.01"]
[EventType "swiss"]
[EventRounds "4"]
[EventCountry "CAN"]
[SourceTitle "EXT 2011"]
[Source "ChessBase"]
[SourceDate "2010.11.26"]
[SourceVersion "1"]
[SourceVersionDate "2010.11.26"]
[SourceQuality "1"]

1. e4 c5 2. Nf3 e6 3. d4 cxd4 4. Nxd4 Nf6 5. Nc3 d6 6. Be2 a6 7. a4 Be7 8. 0-0 Qc7 9. Be3 0-0 10. f4 b6 11. Qe1 Bb7 12. Bf3 Nc6 13. Qg3 Rfe8 14. Rad1 Rac8 15. Kh1 Nb4 16. Rd2 Bf8 17. Rfd1 Kh8 18. f5 e5 19. Nb3 Bc6 20. Qf2 Nd7 21. Bh5 Nc5 22. Nxc5 bxc5 23. Qh4 Kg8 24. Ne2 Bxa4 25. b3 Nxc2 26. Bg5 Bxb3 27. Rd3 f6 28. Bxe8 fxg5 29. Qxg5 Rxe8 30. Rxb3 Nd4 31. Nxd4 exd4 32. Qh4 Be7 33. Qh5 Rb8 34. Rh3 h6 35. Qg6 Bf6 36. Rxh6 Kf8 37. Rh3 c4 38. g4 Qf7 39. Rh8+ Ke7 40. Qxf7+ Kxf7 41. Rxb8 c3 42. Rb7+ Kg8 43. Rc7 Be5 44. g5 d5 45. Rc5 Bf4 46. g6 Kf8 47. Rxd4 Be3 48. Rc8+ Ke7 49. Rxd5 Bd2 50. h4 Kf6 51. Rc6+ Ke7 52. Re6+ 1-0

[Event "Yanofsky Memorial op U1800"]
[Site "Winnipeg"]
[Date "2009.09.06"]
[Round "4"]
[White "Magnusson, Saul"]
[Black "De Groot, Steven"]
[Result "0-1"]
[WhiteElo "1578"]
[BlackElo "1690"]
[PlyCount "82"]
[EventDate "2009.09.04"]
[EventType "swiss"]
[EventRounds "5"]
[EventCountry "CAN"]
[SourceTitle "EXT 2011"]
[Source "ChessBase"]
[SourceDate "2010.11.26"]
[SourceVersion "1"]
[SourceVersionDate "2010.11.26"]
[SourceQuality "1"]

1. d4 d5 2. c4 e6 3. Nc3 Nf6 4. Bg5 Be7 5. Nf3 h6 6. Bh4 0-0 7. e3 b6 8. Rc1 Bb7 9. Qc2 a6 10. cxd5 exd5 11. Bxf6 Bxf6 12. b4 Qd6 13. Rb1 Nd7 14. Bd3 c5 15. bxc5 Nxc5 16. dxc5 Qxc5 17. Na4 Qa5+ 18. Nd2 Rac8 19. Qd1 b5 20. 0-0 d4 21. Nb2 dxe3 22. fxe3 Rfd8 23. Qe2 Rc2 24. Bxc2 Rxd2 25. Nc4 bxc4 26. Qg4 Rxg2+ 27. Qxg2 Bxg2 28. Rb8+ Bd8 29. Kxg2 Qd2+ 30. Rf2 Qd6 31. Rc8 g6 32. Rxc4 Bc7 33. Kf1 Bb6 34. Rc8+ Kg7 35. Bb3 Qd3+ 36. Kg2 f5 37. Rg8+ Kf6 38. Rf8+ Kg5 39. Rf3 Qe2+ 40. Rf2 Qxe3 41. Rf3 Qe2+ 0-1

[Event "Canadian op"]
[Site "Edmonton"]
[Date "2009.07.14"]
[Round "4.77"]
[White "Magnusson, Saul"]
[Black "Caron, Harvey"]
[Result "0-1"]
[WhiteElo "1568"]
[BlackElo "1784"]
[PlyCount "68"]
[EventDate "2009.07.11"]
[EventType "swiss"]
[EventRounds "9"]
[EventCountry "CAN"]
[SourceTitle "EXT 2022"]
[Source "ChessBase"]
[SourceDate "2021.10.06"]
[SourceVersion "1"]
[SourceVersionDate "2021.10.06"]
[SourceQuality "1"]

1. e4 c5 2. Nf3 e6 3. Nc3 a6 4. d4 cxd4 5. Nxd4 Qc7 6. Be2 Nf6 7. g4 h6 8. f3 Bd6 9. Ndb5 axb5 10. Nxb5 Qa5+ 11. Bd2 Qb6 12. Be3 Bc5 13. Bf4 0-0 14. Bc7 Qc6 15. Qd2 Ne8 16. Bf4 e5 17. Bxe5 b6 18. Bc4 Bf2+ 19. Kxf2 Qxc4 20. Nd4 Nc6 21. Nxc6 dxc6 22. g5 Qc5+ 23. Bd4 Qxg5 24. Be3 Qh4+ 25. Ke2 Ba6+ 26. Kd1 Rd8 27. Bd4 c5 28. c3 cxd4 29. cxd4 Nc7 30. Rg1 Qf6 31. e5 Qxf3+ 32. Kc1 Nd5 33. Rg3 Rc8+ 34. Kb1 Qf1+ 0-1

[Event "Winnipeg TNT March op"]
[Site "Winnipeg"]
[Date "2009.03.17"]
[Round "3"]
[White "Wood, Nathaniel"]
[Black "Magnusson, Saul"]
[Result "1/2-1/2"]
[WhiteElo "1602"]
[BlackElo "1461"]
[PlyCount "42"]
[EventDate "2009.03.03"]
[EventType "swiss"]
[EventRounds "5"]
[EventCountry "CAN"]
[SourceTitle "EXT 2011"]
[Source "ChessBase"]
[SourceDate "2010.11.26"]
[SourceVersion "1"]
[SourceVersionDate "2010.11.26"]
[SourceQuality "1"]

1. d4 d5 2. c4 e6 3. Nf3 Nf6 4. Nc3 Be7 5. Bg5 0-0 6. e3 h6 7. Bh4 b6 8. Bd3 Bb7 9. 0-0 c5 10. Rc1 Nbd7 11. cxd5 Nxd5 12. Bxe7 Qxe7 13. Bb1 Rac8 14. e4 Nxc3 15. bxc3 Rfd8 16. Qd3 Rc7 17. d5 Nf6 18. c4 exd5 19. cxd5 Nxe4 20. Rfe1 Bxd5 21. Nd2 Rcd7 1/2-1/2

[Event "Winnipeg TNT March op"]
[Site "Winnipeg"]
[Date "2009.03.10"]
[Round "2"]
[White "Magnusson, Saul"]
[Black "Green, Jim"]
[Result "0-1"]
[WhiteElo "1461"]
[BlackElo "1817"]
[PlyCount "72"]
[EventDate "2009.03.03"]
[EventType "swiss"]
[EventRounds "5"]
[EventCountry "CAN"]
[SourceTitle "EXT 2011"]
[Source "ChessBase"]
[SourceDate "2010.11.26"]
[SourceVersion "1"]
[SourceVersionDate "2010.11.26"]
[SourceQuality "1"]

1. e4 d6 2. d4 Nf6 3. Nc3 Nbd7 4. Be3 e5 5. Nf3 Be7 6. Bc4 0-0 7. Qd3 c6 8. Bb3 Qc7 9. Ne2 a5 10. c3 a4 11. Bc2 b5 12. Ng3 Nb6 13. Nh4 Re8 14. b3 Be6 15. 0-0 Bf8 16. bxa4 Bc4 17. Qd1 Bxf1 18. Kxf1 Nxa4 19. Bxa4 Rxa4 20. Bg5 Nd7 21. Nh5 f6 22. Be3 Raa8 23. Qg4 Kh8 24. Nf5 Nb8 25. Qh4 Qf7 26. dxe5 dxe5 27. g3 Rd8 28. g4 Nd7 29. Rd1 Qc4+ 30. Kg2 Qxe4+ 31. f3 Rxa2+ 32. Kg3 Qc4 33. Rxd7 Rxd7 34. g5 Qxh4+ 35. Nxh4 fxg5 36. Bxg5 Be7 0-1

[Event "Winnipeg TNT February op"]
[Site "Winnipeg"]
[Date "2009.02.24"]
[Round "4"]
[White "Magnusson, Saul"]
[Black "Khedkar, Jay S"]
[Result "0-1"]
[WhiteElo "1418"]
[BlackElo "2003"]
[PlyCount "58"]
[EventDate "2009.02.03"]
[EventType "swiss"]
[EventRounds "4"]
[EventCountry "CAN"]
[SourceTitle "EXT 2011"]
[Source "ChessBase"]
[SourceDate "2010.11.26"]
[SourceVersion "1"]
[SourceVersionDate "2010.11.26"]
[SourceQuality "1"]

1. e4 c5 2. Nf3 e6 3. d4 cxd4 4. Nxd4 Nf6 5. Nc3 Bb4 6. Bd2 Nc6 7. Nxc6 bxc6 8. e5 Bxc3 9. Bxc3 Ne4 10. Qg4 Nxc3 11. Qxg7 Rf8 12. bxc3 Qa5 13. Qg3 Rb8 14. Bc4 Qc5 15. Qf4 Rb2 16. 0-0 Rxc2 17. Rab1 Rxc3 18. Rb8 Kd8 19. Ba6 Kc7 20. Rfb1 Bxa6 21. Rxf8 Qxf8 22. h4 Qc5 23. Qd2 Rc2 24. Qf4 Re2 25. Qxf7 Qxe5 26. Rd1 Re1+ 27. Rxe1 Qxe1+ 28. Kh2 Qe5+ 29. f4 Qf5 0-1

[Event "Winnipeg TNT February op"]
[Site "Winnipeg"]
[Date "2009.02.10"]
[Round "2"]
[White "Lipic, Stephen"]
[Black "Magnusson, Saul"]
[Result "0-1"]
[WhiteElo "1623"]
[BlackElo "1418"]
[PlyCount "126"]
[EventDate "2009.02.03"]
[EventType "swiss"]
[EventRounds "4"]
[EventCountry "CAN"]
[SourceTitle "EXT 2011"]
[Source "ChessBase"]
[SourceDate "2010.11.26"]
[SourceVersion "1"]
[SourceVersionDate "2010.11.26"]
[SourceQuality "1"]

1. f4 d5 2. Nf3 c5 3. e3 Nf6 4. d4 Bg4 5. c3 Qa5 6. Bd3 cxd4 7. exd4 Nc6 8. 0-0 e6 9. Qe1 Bxf3 10. Rxf3 Bd6 11. Nd2 Qc7 12. Nb3 Ne7 13. h3 Ng6 14. f5 Nf8 15. Bg5 0-0-0 16. c4 dxc4 17. Bxc4 Kb8 18. Rc1 Qb6 19. Kh1 h6 20. Bd2 Rc8 21. fxe6 fxe6 22. Ba5 Qc6 23. Bxe6 Qxc1 24. Nxc1 Nxe6 25. Qxe6 Rxc1+ 26. Be1 Bg3 27. Rxg3 Re8 28. Qd6+ Ka8 29. Re3 Rxe1+ 30. Rxe1 Rxe1+ 31. Kh2 Re8 32. Qc7 Rg8 33. Qf7 a6 34. d5 Ka7 35. d6 Rd8 36. Qc7 Rd7 37. a4 g5 38. b4 g4 39. hxg4 Nxg4+ 40. Kh3 Ne5 41. Kh4 Rxc7 42. dxc7 Ng6+ 43. Kh5 Ne7 44. Kxh6 b6 45. Kg7 Kb7 46. Kf6 Nd5+ 47. Ke5 Nxc7 48. g4 Kc6 49. g5 Kd7 50. g6 Ne6 51. Kf6 Kd6 52. Kf5 Kd5 53. Kf6 b5 54. axb5 axb5 55. Kf5 Kd6 56. Kf6 Nf4 57. Kf5 Nxg6 58. Kxg6 Ke5 59. Kg5 Kd4 60. Kf5 Kc4 61. Ke4 Kxb4 62. Kd3 Kb3 63. Kd2 Kb2 0-1